| 000 | 01619nam a2200313Ia 4500 | ||
|---|---|---|---|
| 005 | 20231124101513.0 | ||
| 008 | 130821s1908 sz ao gr spa | ||
| 040 |
_aCo-BoUCM _bspa _cSandra Yazo (modificó) _dSandra Yazo (modificó) |
||
| 041 | 0 | _aspa | |
| 082 | 0 | 4 |
_a348.023494 _220 |
| 092 | _aE17N016 | ||
| 110 | 1 |
_aSuiza. Leyes, decretos, etc. _9179294 |
|
| 242 | 0 | 0 |
_aCódigo civil suizo _bdel 10 de diciembre de 1907. Con índice de materias y alfabético _yspa |
| 245 | 1 | 0 |
_aCode civil suisse _bdu 10 decembre 1907 ; avec table de matières et index alphabétique. |
| 260 |
_aBerne [Berna] _bK -J Wyss _c1908 |
||
| 300 |
_axxvi, 313 páginas _bilustraciones, fotografías |
||
| 500 | _aDetalles físicos: Encuadernación rígida en cartón forrado en tela texturizada con letras en lomo y en tapa delantera; emblema de la Confederación Helvética. Página de cortesía; al respaldo, fotografía (blanco y negro) del Profesor Doctor Eugen H. | ||
| 505 | _aTítulos preliminares: Libro 1p0s: Derechos de las personas. ; Libro 2p0s: De la Familia. ; Libro 3p0s: De las sucesiones. ; Libro : Los derechos reales. ; Título final: Vigencia y aplicación de este Código. ; Índice alfabético. | ||
| 506 | _aConsulta en sala. | ||
| 546 | _aTexto en francés. | ||
| 650 | 7 |
_aDerecho civil _xLegislación _zSuiza _912711 |
|
| 650 | 7 |
_aDerecho _97494 |
|
| 650 | 7 |
_aJurisprudencia civil _zSuiza _97771 |
|
| 650 | 7 |
_aProcedimiento civil _zSuiza _97969 |
|
| 653 | _aLey 10 de 1907 | ||
| 700 | 1 |
_aHuber, Eugen _9179295 |
|
| 700 | 1 |
_aWyss, K -J _9179296 |
|
| 942 |
_cLIBRO _a8 _e1 _2DEWEY _h348.023494 |
||
| 999 |
_c78999 _d78999 |
||